000 00547nam a22002417a 4500
003 UA-OsUOA
001 26224
007 ta
008 20040524b un ||||| |||| 00| 0 ukr d
100 _aСвиридов Г.М.
090 _a58
_bС24
942 _cBK
040 _aUA-OsUOA
_brus
_cUA-OsUOA
_dUA-OsUOA
245 _aЛесной город
300 _a223 с.
955 _a0
041 _arus
080 _a58
260 _aМосква
_bМолодая гвардия
_c1984
044 _aRU
650 7 _2UDC
999 _c312540
_d312540